[Event "Landesliga U20 Sued 1516"]
[Site "Bayern"]
[Date "2016.02.27"]
[Round "7.4"]
[White "Shang, Shuobo"]
[Black "Voigt, Tobias"]
[Result "0-1"]
[WhiteElo "1082"]
[BlackElo "1551"]
[PlyCount "130"]
[EventDate "2015.11.21"]
[EventType "team-tourn"]
[EventRounds "7"]
[EventCountry "GER"]
[SourceTitle "EXT 2022"]
[Source "ChessBase"]
[SourceDate "2021.10.06"]
[SourceVersion "1"]
[SourceVersionDate "2021.10.06"]
[SourceQuality "1"]
[WhiteTeam "Forstenried U20"]
[BlackTeam "Muenchen Suedost SK U20 II"]
[WhiteTeamCountry "GER"]
[BlackTeamCountry "GER"]

1. e4 e6 2. d4 d5 3. e5 c5 4. c3 Nc6 5. Nf3 Qb6 6. Nbd2 Nh6 7. Nb3 cxd4 8. Bxh6 gxh6 9. cxd4 Bb4+ 10. Ke2 Bd7 11. a3 Bf8 12. g3 Na5 13. Nxa5 Qxa5 14. b4 Qb6 15. Bg2 a5 16. bxa5 Qb2+ 17. Qd2 Bb5+ 18. Ke3 Qb3+ 19. Kf4 h5 20. Rhb1 Bh6+ 21. Ng5 Qa4 22. Qb4 Qxb4 23. axb4 Rg8 24. h4 Ke7 25. Bf1 Bxf1 26. Rxf1 f6 27. exf6+ Kxf6 28. Kf3 Bxg5 29. hxg5+ Rxg5 30. Rfb1 Rg4 31. b5 Rxd4 32. a6 b6 33. Rc1 Rb4 34. Rab1 Rg4 35. Rc6 Rb8 36. a7 Ra8 37. Ra1 Rg7 38. Ra6 Raxa7 39. Rcxb6 Rge7 40. Rxa7 Rxa7 41. Rb8 Ra4 42. b6 Rb4 43. b7 Ke5 44. Kg2 Kd6 45. Rd8+ Kc7 46. b8Q+ Rxb8 47. Rxb8 Kxb8 48. Kf3 Kc7 49. Ke3 Kd6 50. Kd4 e5+ 51. Kd3 d4 52. f3 Kd5 53. Ke2 Kc4 54. Kd2 d3 55. f4 e4 56. f5 Kd5 57. Ke3 Ke5 58. Kd2 Kxf5 59. Ke3 Kg4 60. Kxe4 d2 61. Ke3 d1Q 62. Kf2 Qd3 63. Kg2 Qe2+ 64. Kg1 Kxg3 65. Kh1 Qh2# 0-1